Harc a békéért

Elmentve itt :
Bibliográfiai részletek
Szerző: Duclos Jacques
Dokumentumtípus: Cikk
Sorozat:Kolligátum
Kulcsszavak:Politikai propaganda - kommunista, Béke, Külpoltikai - szovjet-francia - 1950
Online Access:http://misc.bibl.u-szeged.hu/23943
LEADER 00554nab a2200157 i 4500
001 misc23943
005 20191111110812.0
008 170822suuuu hu o 0|| zxx d
040 |a SZTE Miscellanea Repozitórium  |b hun 
041 |a zxx 
100 1 |a Duclos Jacques 
245 1 0 |a Harc a békéért  |h [elektronikus dokumentum] /  |c  Duclos Jacques 
300 |a 42-56 
490 0 |a Kolligátum 
695 |a Politikai propaganda - kommunista, Béke, Külpoltikai - szovjet-francia - 1950 
856 4 0 |u http://misc.bibl.u-szeged.hu/23943/1/010_015_042-056.pdf  |z Dokumentum-elérés